| 000 | 00799nam a22002897a 4500 | ||
|---|---|---|---|
| 001 | 00089 | ||
| 003 | DO-SdBNP | ||
| 005 | 20180202105002.0 | ||
| 007 | 00089 | ||
| 008 | 160314b 1988 sp ||||| |||| 00| 0 spa d | ||
| 020 | _a8477221693 | ||
| 040 |
_aBPMSU _bspa _cBPMSU |
||
| 092 |
_axxxxxxxx _bxxxxxxxx |
||
| 100 | 1 | 0 | _aGaskin, Carol |
| 245 | 1 | 4 |
_aLos primeros colonos / _cCarol Gaskin ; ilustración John Pierard, alex Nino |
| 260 |
_aBarcelona : _bTimun Mas, _c1988. |
||
| 300 |
_a79 p. : _bil., _c19 cm. |
||
| 490 | 0 | 0 | _aLa máquina del tiempo |
| 490 | 0 | 0 |
_aGlobo azul _v3 |
| 700 | 1 | 0 |
_aPierard, Joha, _eil. |
| 700 | 1 | 0 |
_aNino, Alex, _eil. |
| 830 | 1 | 0 | _aLamáquina del tiempo |
| 830 | 1 | 0 |
_aGlobo azul _n3 |
| 942 |
_2ddc _cBK |
||
| 945 | _aInventariado, 2018/ YL | ||
| 956 | _aBrenda Tavárez | ||
| 999 |
_c9231 _d9231 |
||